[Event "Concordia"]
[Site "Hamburg"]
[Date "1977.??.??"]
[Round "2"]
[White "Kirov, Nino"]
[Black "Csom, Istvan"]
[Result "1/2-1/2"]
[WhiteElo "2435"]
[BlackElo "2535"]

1.Nf3 Nf6 2.c4 b6 3.g3 c5 4.Bg2 Bb7 5.O-O e6 6.Nc3 d6 7.Re1 Be7 8.e4 O-O
9.d4 cxd4 10.Nxd4 Qc7 11.Ndb5 Qc6 12.b3 a6 13.Nd4 Qc7 14.Bb2 Nbd7 15.Qd2 Rac8
16.Rad1 Qb8 17.f4  1/2-1/2

[Event "Toth mem"]
[Site "Kecskemet"]
[Date "1977.??.??"]
[Round "?"]
[White "Hazai, Laszlo"]
[Black "Pinter, Jozsef"]
[Result "1/2-1/2"]
[WhiteElo "2440"]
[BlackElo "2445"]

1.Nf3 Nf6 2.c4 c5 3.g3 b6 4.Bg2 Bb7 5.O-O e6 6.Nc3 Be7 7.d4 cxd4 8.Qxd4 d6
9.Rd1 a6 10.Ng5 Bxg2 11.Kxg2 O-O 12.Nge4 Ne8 13.Be3 Nd7 14.Qd2 Nc5  1/2-1/2

[Event "SWE-ch"]
[Site "?"]
[Date "1977.??.??"]
[Round "?"]
[White "Ostberg, Peter"]
[Black "Ornstein, Axel"]
[Result "0-1"]
[WhiteElo "2200"]
[BlackElo "2440"]

1.Nf3 Nf6 2.c4 b6 3.g3 Bb7 4.Bg2 c5 5.O-O e6 6.Nc3 Be7 7.d4 cxd4 8.Qxd4 Nc6
9.Qf4 O-O 10.Rd1 Qb8 11.Qxb8 Raxb8 12.b3 Rfd8 13.Bb2 a6 14.e4 d6 15.Re1 b5
16.Bf1 b4 17.Nb1 Nd7 18.Nbd2 a5 19.Nd4 Nxd4 20.Bxd4 Nc5 21.a3 bxa3 22.Rxa3 Nxe4
23.Nxe4 Bxe4 24.Rxa5 Bc2 25.Ra7 Bf8 26.Rc1 Bxb3 27.f4 Rdc8 28.Be3 Rb4 29.Rb1 Rbb8
30.Bd3 d5 31.cxd5 Rc3 32.dxe6 Rxd3 33.exf7+ Kh8 34.Bf2 h5 35.f5 Kh7 36.h3 Bxf7
37.Rc1 Kg8 38.g4 Rxh3 39.g5 Bd5 40.Bd4 Rh1+  0-1

[Event "BCF-ch"]
[Site "Ayr"]
[Date "1978.08.17"]
[Round "10"]
[White "Webb, Simon"]
[Black "Plaskett, Jim"]
[Result "1-0"]
[WhiteElo "2445"]
[BlackElo "2410"]

1.Nf3 Nf6 2.c4 b6 3.g3 Bb7 4.Bg2 e6 5.O-O c5 6.Nc3 Be7 7.d4 cxd4 8.Qxd4 d6
9.Rd1 a6 10.b3 Nbd7 11.Bb2 O-O 12.Ng5 Bxg2 13.Kxg2 Qc7 14.Nge4 Ne8 15.a4 Nc5
16.Nd2 Bf6 17.Qf4 Rc8 18.Rab1 Qc6+ 19.Qf3 Qxf3+ 20.Kxf3 Be7 21.Nce4 Nc7 22.Nxc5 dxc5
23.Ne4 Rfd8 24.a5 b5 25.Be5 f5 26.Nd6 Bxd6 27.Rxd6 Rxd6 28.Bxd6 Kf7 29.Bxc5 Nd5
30.cxd5 Rxc5 31.dxe6+ Kxe6 32.b4 Rc3+ 33.e3 g5 34.g4 Rc4 35.gxf5+ Kxf5 36.Rd1 Rxb4
37.Rd6 Ra4 38.Rxa6 b4 39.Rb6 Rxa5 40.Rxb4 Ra2 41.h4 g4+  1-0

[Event "IBM"]
[Site "Amsterdam"]
[Date "1978.??.??"]
[Round "6"]
[White "Nikolac, Juraj"]
[Black "Ljubojevic, Ljubomir"]
[Result "1-0"]
[WhiteElo "2495"]
[BlackElo "2605"]

1.Nf3 c5 2.c4 Nf6 3.g3 b6 4.Bg2 Bb7 5.O-O e6 6.Nc3 a6 7.b3 d6 8.Bb2 Nbd7
9.e3 Rb8 10.Qe2 Be7 11.e4 b5 12.d3 Qb6 13.Rae1 O-O 14.Kh1 bxc4 15.dxc4 Bc6
16.Nd2 Qb7 17.f4 Nb6 18.Bf3 Nfd7 19.Qg2 Rfe8 20.g4 a5 21.g5 a4 22.Rf2 axb3
23.axb3 Bf8 24.Rfe2 Nc8 25.h4 Qc7 26.h5 Ne7 27.Nd1 Ba8 28.Nf2 Nc6 29.Ng4 Nd4
30.Rg1 Kh8 31.g6 Qd8 32.Qh3 Qe7 33.Bxd4 cxd4 34.gxh7 Nf6 35.e5 Nxg4 36.Rxg4 Bxf3+
37.Qxf3 Qb7 38.Re4 f5 39.exf6 gxf6 40.Rg6 Qxh7 41.f5 e5 42.h6 Ra8 43.Qh5 Ra1+
44.Kh2 Ra2 45.Re2 Re7 46.Rxf6 Qg8 47.Rg2  1-0

[Event "IBM-B"]
[Site "Amsterdam"]
[Date "1978.??.??"]
[Round "9"]
[White "Rodriguez, Amador"]
[Black "Borm, Franciscus WM"]
[Result "1/2-1/2"]
[WhiteElo "2470"]
[BlackElo "2260"]

1.Nf3 Nf6 2.g3 b6 3.Bg2 Bb7 4.O-O e6 5.c4 c5 6.b3 Be7 7.Bb2 O-O 8.Nc3 Nc6
9.e3 d5 10.cxd5 Nxd5 11.Nxd5 exd5 12.d4 Ba6 13.Re1 c4 14.bxc4 Bxc4 15.Nd2 Na5
16.Bc3 b5 17.Nxc4 Nxc4 18.Qh5 Rc8 19.Rac1 g6 20.Qxd5 Qxd5 21.Bxd5 Ba3 22.Rc2 Rfd8
23.Bg2 Nxe3 24.fxe3 b4 25.Bxb4 Bxb4 26.Rec1 Rxc2 27.Rxc2 Ba5 28.Kf2 Kf8 29.Ke2 Ke7
30.Kd3 f5 31.h3 Rd7 32.Rc5 Bb6 33.Re5+ Kf6 34.Rb5 Rc7 35.a4 Rc1 36.a5 Bc7
37.g4 Rg1 38.Bf3 Rg3 39.Ke2 Rxh3 40.gxf5 gxf5 41.Rc5 Bd6 42.Rc6 Ke7 43.Ra6 Bb8
44.Kf2 Rh2+ 45.Bg2 Rh5 46.Kf3 Kd8 47.Rf6 Ke7 48.Ra6 Kd8 49.Bf1 Ke7 50.Kf2 Rh2+
51.Bg2 Rh5 52.Kg1 Kd8 53.Rf6 Ke7 54.Ra6 Kd8 55.Kf2  1/2-1/2

[Event "Bogota"]
[Site "Bogota"]
[Date "1978.??.??"]
[Round "?"]
[White "Cuellar Gacharna, Miguel"]
[Black "Szmetan, Jorge"]
[Result "1/2-1/2"]
[WhiteElo "2365"]
[BlackElo "2420"]

1.Nf3 c5 2.g3 b6 3.Bg2 Bb7 4.c4 Nf6 5.O-O e6 6.Nc3 Be7 7.d4 cxd4 8.Qxd4 d6
9.b3 O-O 10.Bb2 a6 11.e4 Nbd7 12.Qe3 Qb8 13.Nd4 Re8 14.Rad1 Bf8 15.Rfe1 Ra7
16.h3 Ba8 17.Kh2 g6 18.Re2 Bg7 19.Kg1 Rc7 20.Nf3 b5 21.Rxd6 bxc4 22.Red2 cxb3
23.axb3 Nc5 24.e5 Nfe4 25.Nxe4 Nxe4 26.Rb6 Nxd2 27.Rxb8 Nxf3+ 28.Bxf3 Rxb8
29.Bxa8 Rxa8 30.Ba3 Rac8 31.Bd6 Rc6 32.h4 h5 33.Qe2 Bf8 34.Bxf8 Kxf8 35.g4 Rc2
36.Qf3 hxg4 37.Qxg4 Ra2 38.h5 Rc1+ 39.Kg2 Rcc2 40.Qb4+ Kg7 41.h6+ Kxh6 42.Qh4+ Kg7
43.Qf6+  1/2-1/2

[Event "Buenos Aires ol (Men)"]
[Site "Buenos Aires"]
[Date "1978.??.??"]
[Round "?"]
[White "Giardelli, Sergio C"]
[Black "Gheorghiu, Florin"]
[Result "1/2-1/2"]
[WhiteElo "2315"]
[BlackElo "2520"]

1.c4 c5 2.Nf3 Nf6 3.g3 b6 4.Bg2 Bb7 5.O-O e6 6.Nc3 Be7 7.d4 cxd4 8.Qxd4 d6
9.Rd1 a6 10.b3 Nbd7 11.e4 O-O 12.Bb2 Qc7 13.Ne1 Rfe8 14.h3 Bf8 15.Nc2 Rad8
16.Qd2 Nc5 17.Qf4 Qb8 18.b4 Ncd7 19.Qd2 Ne5 20.Qe2 Rc8 21.Ne3 Qc7 22.Rac1 Be7
23.f4 Nxc4 24.Nxc4 Qxc4 25.Qxc4 Rxc4 26.e5 Bxg2 27.exf6 Bf3 28.Rd3 Bxf6 29.Rxf3 Rxb4
30.Ba3 Rd4 31.Rd1 Rc8 32.Kg2 d5 33.Rxd4 Bxd4 34.Bb2 b5 35.Rd3 Rc4 36.a3 h5
37.Kf3 Bc5 38.Ne2 a5 39.Rc3 f6 40.Rb3 b4 41.axb4 axb4 42.Rd3 Kf7 43.Bc1 d4
44.Ke4 f5+ 45.Kf3 Rc2 46.Rd2 Rxd2 47.Bxd2 b3 48.Bc1 g5 49.Bb2 d3 50.Nd4 g4+
51.hxg4 fxg4+ 52.Ke3 h4 53.gxh4 g3 54.Kxd3 g2 55.Ne2 Kg6 56.Kc4 g1=Q 57.Nxg1 Bxg1
58.Kxb3 Bf2 59.Kc2 Bxh4 60.Kd3 Kf5 61.Ke3  1/2-1/2

[Event "Buenos Aires ol (Men)"]
[Site "Buenos Aires"]
[Date "1978.??.??"]
[Round "?"]
[White "Broomes, G."]
[Black "Canda, Danilo"]
[Result "1/2-1/2"]
[WhiteElo "2200"]
[BlackElo "2200"]

1.Nf3 c5 2.c4 Nf6 3.g3 b6 4.Bg2 Bb7 5.O-O e6 6.Nc3 Be7 7.b3 O-O 8.Bb2 d5
9.cxd5 Nxd5 10.d3 Bf6 11.Qc2 Nd7 12.Rac1 Rc8 13.Rfd1 Qe7 14.Qb1 Nxc3 15.Bxc3 Bxc3
16.Rxc3 Qf6 17.Rdc1 Bxf3 18.Bxf3 Ne5 19.Bg2 Ng4 20.Bf3 Ne5 21.Bg2 Ng4 22.Bf3 Ne5
23.Bg2 Rcd8 24.b4 Ng4 25.Bf3 Ne5 26.Bg2 Ng4 27.Bf3 Ne5 28.Bg2  1/2-1/2

[Event "ARG-ch"]
[Site "Buenos Aires"]
[Date "1978.??.??"]
[Round "?"]
[White "Anelli, Antonio"]
[Black "Szmetan, Jorge"]
[Result "1/2-1/2"]
[WhiteElo "2325"]
[BlackElo "2420"]

1.Nf3 b6 2.g3 Bb7 3.Bg2 c5 4.c4 Nf6 5.O-O e6 6.Nc3 Be7 7.d4 cxd4 8.Qxd4 d6
9.b3 O-O 10.Bb2 a6 11.Rfd1 Nbd7 12.Qe3 Qb8 13.Nd4 Ne5 14.h3 Bxg2 15.Kxg2 Qb7+
16.Kg1 Rab8 17.Rac1 Rfe8 18.Rc2 Bf8 19.Rcd2 Rec8 20.Rc1 Rc7 21.Rdc2 Rbc8
22.Ba1 h6 23.Bb2 Ned7 24.Kh2 Ne5 25.Kg1 Rc5 26.Na4 Ra5 27.Nc3 Ned7 28.Qf3 Qxf3
29.Nxf3 Rac5 30.Ne1 R5c7 31.Kf1 Ne5 32.Na4 Nfd7 33.Ba3 Nc6 34.Nc3 Na7 35.Ne4 Rc6
36.Rd1 d5 37.Bxf8 Nxf8 38.Nd2 b5 39.Rdc1 dxc4 40.bxc4 b4 41.Nb3 R6c7 42.Nd3 Nc6
43.Ndc5 Nd7 44.Na4 Kf8 45.c5 Rb8 46.Rd2 Rb5 47.Rd6 Ke7 48.Rcd1 Nf6 49.R6d3 Rd7
50.Nb6 Rc7 51.Na4 Rd7 52.Nb6 Rc7 53.Na4 Ne4 54.Kg2 f5 55.f3 Nf6 56.Kf2 Ne5
57.Rd8 Rd7 58.R1xd7+ Nfxd7 59.Ra8 Nb8 60.Nd4 Rb7 61.f4 Nec6 62.Nxc6+ Nxc6
63.Rxa6 Kd7 64.Nb6+ Kc7 65.Ke3 Rb8 66.Na8+ Kd7 67.Kd2 Rb5 68.Nb6+ Kc7 69.Na4 b3
70.Nc3 Rb8 71.axb3 Rxb3 72.Ra8 Rb2+ 73.Kc1 Rb8 74.Ra4 Nd8 75.Ra7+  1/2-1/2

[Event "Buenos Aires ol (Men)"]
[Site "Buenos Aires"]
[Date "1978.??.??"]
[Round "?"]
[White "Torre, Eugenio"]
[Black "Giardelli, Sergio C"]
[Result "1/2-1/2"]
[WhiteElo "2490"]
[BlackElo "2315"]

1.c4 c5 2.Nf3 Nf6 3.g3 b6 4.Bg2 Bb7 5.O-O e6 6.Nc3 Be7 7.d4 cxd4 8.Qxd4 O-O
9.Rd1 Nc6 10.Qf4 Qb8 11.Qxb8 Raxb8 12.Bf4 Rbc8 13.Nb5 d5 14.cxd5 Nxd5 15.Bd6 Ba6
16.Bxe7 Ndxe7 17.Nc3 Rfd8 18.e3 h6 19.Bf1 Bxf1 20.Kxf1 Kf8 21.Ke2 Nf5 22.Rxd8+ Nxd8
23.Rd1 Ke7 24.Ne5 Nd6 25.Rc1 Rc5 26.Nd3 Rc4 27.f3 f6 28.e4 N8f7 29.Ke3 Rc8
30.b3 Kd7 31.f4 e5 32.f5 Rc7 33.g4 Rc6 34.h4 Rc8 35.Nb4 Rc5 36.Rc2 Rc8 37.Ne2 Rxc2
38.Nxc2 Nb5 39.Kd3 Nfd6 40.Ng3 Nc7 41.Nh5  1/2-1/2

[Event "Buenos Aires ol (Men)"]
[Site "Buenos Aires"]
[Date "1978.??.??"]
[Round "?"]
[White "Torre, Vic"]
[Black "Vilela, Jose Luis"]
[Result "1/2-1/2"]
[WhiteElo "2200"]
[BlackElo "2435"]

1.Nf3 c5 2.c4 Nf6 3.g3 b6 4.Bg2 Bb7 5.O-O e6 6.Nc3 Be7 7.d4 cxd4 8.Nxd4 Bxg2
9.Kxg2 Qc8 10.Qd3 O-O 11.e4 d6 12.Bg5 Nbd7 13.Nf3 Qb7 14.Rfe1 a6 15.Rad1 Rfd8
16.Qe2 Rac8 17.Rc1 Rc7 18.b3 Rdc8 19.Bd2 Ne5 20.Nd4 Nc6 21.Nxc6 Rxc6 22.Kg1 Bf8
23.h3 Nd7 24.Kh2 g6 25.Nb1 Bg7 26.Bc3 b5 27.Bxg7 Kxg7 28.Nd2 Nb6 29.Rc3 bxc4
30.Nxc4 Nxc4 31.Rxc4 Rxc4 32.bxc4 Qb4 33.e5 dxe5 34.Qxe5+ Kg8 35.Qe2 Rxc4
36.Rb1 Qc5 37.Rb2 Qd5 38.Rd2 Rd4 39.Rxd4 Qxd4 40.Kg1 a5 41.h4 h5 42.Qc2 a4
43.Qc1 e5 44.a3 Kg7 45.Kg2 Qd5+ 46.Kg1 Kf6 47.Qc2 Qd4 48.Qc6+ Kg7 49.Kg2 Kh7
50.Qb7 Kg7 51.Qe7 e4 52.Kg1 Qc3 53.Kg2 Qf3+ 54.Kg1 Qd1+ 55.Kg2 Qd4 56.Kg1 Qc3
57.Kg2 Qb3 58.Kg1 Kg8 59.Qe8+ Kh7 60.Qe7 Qf3 61.Qd6 e3 62.fxe3 Qxe3+ 63.Kg2 Qe2+
64.Kg1 Qe3+ 65.Kg2 Qc3 66.Kh2 Kg7 67.Kg1 Qc4 68.Kg2 Kg8 69.Kg1 Qb5 70.Qd8+  1/2-1/2

[Event "Wch U20"]
[Site "Graz"]
[Date "1978.??.??"]
[Round "8"]
[White "Mateu, Xavier"]
[Black "Plaskett, Jim"]
[Result "1/2-1/2"]
[WhiteElo "2200"]
[BlackElo "2410"]

1.Nf3 Nf6 2.c4 b6 3.g3 Bb7 4.Bg2 e6 5.O-O c5 6.b3 Be7 7.Bb2 O-O 8.e3 d6 9.Qe2 a6
10.Nc3 Nc6 11.Rfd1 Qc7 12.d4 cxd4 13.exd4 d5 14.cxd5 exd5 15.Ne5 Rfd8 16.Rac1 Bf8
17.Qd3 Nxe5 18.dxe5 Qxe5 19.Na4 Qd6 20.Bd4 Nd7 21.Be3 b5 22.Nc5 Nxc5 23.Bxc5 Qg6
24.Qxg6 hxg6 25.Bxf8 Kxf8 26.Rc7 Rab8 27.b4 Rd6 28.Rdc1 g5 29.h3 g6 30.Kf1 Rdd8
31.Kg1 Bc8 32.Bxd5 Rxd5 33.Rxc8+ Rxc8 34.Rxc8+ Ke7 35.Ra8 Rd6 36.Kf1 Rc6
37.a3 Kd6 38.Ke2 Kd5  1/2-1/2

[Event "Jurmala"]
[Site "Jurmala"]
[Date "1978.??.??"]
[Round "5"]
[White "Taimanov, Mark E"]
[Black "Gipslis, Aivars"]
[Result "1/2-1/2"]
[WhiteElo "2530"]
[BlackElo "2525"]

1.Nf3 c5 2.c4 Nf6 3.g3 b6 4.Bg2 Bb7 5.O-O e6 6.b3 Be7 7.Bb2 O-O 8.e3 d5 9.Qe2 dxc4
10.bxc4 Nc6 11.d3 Qc7 12.Nc3 Rad8 13.Rfd1 Qb8 14.Rd2 Qa8 15.Ne1 Na5 16.f4 Bxg2
17.Qxg2 Qxg2+ 18.Rxg2 Rd7 19.Kf1 Rfd8 20.Ke2 Ne8 21.Ne4 f5 22.Nd2 Bf6 23.Rb1 Nc6
24.Bxf6 Nxf6 25.Ndf3 e5 26.Nxe5 Nxe5 27.fxe5 Ng4 28.e6 Re7 29.h3 Ne5 30.Rf2 g6
31.Nf3 Rxe6 32.Nxe5  1/2-1/2

[Event "Kiev"]
[Site "Kiev"]
[Date "1978.??.??"]
[Round "12"]
[White "Adamski, Jan"]
[Black "Velikov, Petar"]
[Result "1/2-1/2"]
[WhiteElo "2470"]
[BlackElo "2430"]

1.c4 Nf6 2.Nf3 e6 3.g3 b6 4.Bg2 Bb7 5.O-O c5 6.Nc3 d6 7.d4 cxd4 8.Qxd4 a6
9.Rd1 Be7 10.b3 Nbd7 11.Bg5 Nc5 12.b4 Ncd7 13.b5 Nc5 14.Qe3 O-O 15.Ne5 Bxg2
16.Kxg2 axb5 17.Nxb5 d5 18.cxd5  1/2-1/2

[Event "Lone Pine op"]
[Site "Lone Pine"]
[Date "1978.??.??"]
[Round "1"]
[White "Verduga, Denis Homero"]
[Black "Sahovic, Dragutin"]
[Result "1/2-1/2"]
[WhiteElo "2355"]
[BlackElo "2490"]

1.Nf3 b6 2.g3 Bb7 3.Bg2 Nf6 4.O-O e6 5.c4 c5 6.d4 a6 7.Nc3 cxd4 8.Qxd4 d6
9.Be3 Nbd7 10.Ng5 Bxg2 11.Kxg2 Qc7 12.Rfd1 Be7 13.Nge4 Nxe4 14.Nxe4 O-O 15.Rac1 Rfd8
16.b4 Qc6 17.f3 Rab8 18.Nxd6 Nf6 19.c5 Nd5 20.Bf2 bxc5 21.bxc5 Bf6 22.Qd3 Rb2
23.e3 Rxa2 24.e4 Nc7 25.Rc2 Rxd6 26.Qxd6 Qxd6 27.cxd6 Rxc2 28.dxc7 Rxc7 29.Rd6 h5
30.Rxa6 Rc2 31.Kf1 Rc1+ 32.Kg2 Rc2 33.Kf1 Rc1+  1/2-1/2

[Event "CSR-ch"]
[Site "Marianske Lazne"]
[Date "1978.??.??"]
[Round "2"]
[White "Lechtynsky, Jiri"]
[Black "Gross, Stefan"]
[Result "1-0"]
[WhiteElo "2420"]
[BlackElo "2355"]

1.Nf3 Nf6 2.c4 c5 3.g3 b6 4.Bg2 Bb7 5.O-O e6 6.Nc3 Be7 7.b3 O-O 8.d4 cxd4
9.Qxd4 d6 10.Ba3 Na6 11.e4 Qb8 12.Qe3 Nc5 13.Nd4 Re8 14.Rad1 Bf8 15.Rfe1 a6
16.Bb2 g6 17.h3 Bg7 18.e5 dxe5 19.Nc6 Qc8 20.Nxe5 Bxg2 21.Kxg2 Ra7 22.Qf3 Ncd7
23.Ne4 Rf8 24.Nc6  1-0

[Event "Kringsja"]
[Site "Oslo"]
[Date "1978.??.??"]
[Round "6"]
[White "Kristiansen, Tor"]
[Black "Gereben, Erno"]
[Result "1/2-1/2"]
[WhiteElo "2320"]
[BlackElo "2270"]

1.Nf3 Nf6 2.g3 b6 3.Bg2 Bb7 4.O-O e6 5.c4 c5 6.Nc3 Be7 7.b3 O-O 8.Bb2 d5
9.cxd5 Nxd5 10.Nxd5 Bxd5 11.Qc2 Nc6 12.e4 Nb4 13.Qb1 Bb7 14.d4 Rc8 15.a3 Nc6
16.dxc5 bxc5  1/2-1/2

[Event "Kamen Piskov mem 2"]
[Site "Ruse"]
[Date "1978.??.??"]
[Round "12"]
[White "Merdinjan, Agop"]
[Black "Spiridonov, Nikola"]
[Result "1-0"]
[WhiteElo "2315"]
[BlackElo "2405"]

1.Nf3 c5 2.c4 Nf6 3.g3 b6 4.Bg2 Bb7 5.O-O e6 6.b3 d6 7.Bb2 Be7 8.e3 O-O 9.Qe2 Qc7
10.d3 Rd8 11.Nbd2 Nc6 12.Rfd1 d5 13.Rac1 d4 14.e4 e5 15.a3 a5 16.a4 Kh8 17.Rf1 Rf8
18.Rce1 Rae8 19.Nb1 Ng8 20.Na3 g6 21.Bc1 Bf6 22.h4 Bc8 23.Nh2 Nb4 24.Nb5 Qd8
25.Bd2 Bg7 26.h5 Bh6 27.hxg6 fxg6 28.f4 Rf7 29.Rf2 Ref8 30.Ref1 Qe7 31.Bc1 Kg7
32.Kh1 Rf6 33.Rf3 R6f7 34.Qf2 Nc6 35.Qe2 Nf6 36.f5 Bxc1 37.Rxc1 g5 38.g4 Rh8
39.Rh3 h6 40.Rf1 Nb4 41.Rg1 Kf8 42.Nf1 Rg7 43.Bf3 Bd7 44.Nc7 Bxf5 45.Na8 Bxg4
46.Bxg4 Qb7 47.Qf3 Ke7 48.Qf5 Nxg4 49.Rxg4 Nc6 50.Rf3 Rhg8 51.Ng3 Qxa8 52.Nh5 Rg6
53.Nf6 Qc8 54.Nd5+ Kd6 55.Qf7 Qd7 56.Rf6+ Rxf6 57.Qxd7+  1-0

[Event "Tatran Cup"]
[Site "Strbske Pleso"]
[Date "1978.??.??"]
[Round "3"]
[White "Banas, Jan"]
[Black "Peresipkin, Vladimir"]
[Result "1/2-1/2"]
[WhiteElo "2385"]
[BlackElo "2430"]

1.c4 c5 2.Nf3 Nf6 3.g3 b6 4.Bg2 Bb7 5.O-O e6 6.b3 Be7 7.Bb2 O-O 8.Nc3 d5
9.cxd5 Nxd5 10.Nxd5 Bxd5 11.Qb1 Bf6 12.Rd1 Bxb2 13.Qxb2 Nc6 14.d3 Bxf3 15.Bxf3 Rc8
16.Bxc6 Rxc6  1/2-1/2

[Event "SWE-ch"]
[Site "SWE"]
[Date "1978.??.??"]
[Round "?"]
[White "Jansson, Borje"]
[Black "Ornstein, Axel"]
[Result "1-0"]
[WhiteElo "2395"]
[BlackElo "2425"]

1.Nf3 Nf6 2.c4 b6 3.g3 Bb7 4.Bg2 c5 5.O-O e6 6.b3 Be7 7.Bb2 O-O 8.e3 d5 9.Qe2 Nc6
10.d3 dxc4 11.bxc4 a6 12.Nc3 Rb8 13.Rab1 Na7 14.Rfd1 b5 15.Ng5 Bxg2 16.Kxg2 Rb7
17.Nce4 Nxe4 18.Nxe4 f5 19.Nd2 Bf6 20.Nf3 Bxb2 21.Rxb2 Nc6 22.d4 Qb6 23.cxb5 cxd4
24.bxc6  1-0

[Event "SWE-ch"]
[Site "SWE"]
[Date "1978.??.??"]
[Round "?"]
[White "Jansson, Borje"]
[Black "Korman, U."]
[Result "1-0"]
[WhiteElo "2395"]
[BlackElo "2200"]

1.Nf3 Nf6 2.c4 e6 3.g3 b6 4.Bg2 Bb7 5.O-O c5 6.b3 Be7 7.Bb2 O-O 8.e3 d6 9.Nc3 Nbd7
10.d4 Ne4 11.Nxe4 Bxe4 12.Qe2 Qc7 13.Rad1 Qb7 14.Ne1 Rad8 15.Bxe4 Qxe4 16.Ng2 Nf6
17.d5 e5 18.f3 Qg6 19.e4 Qh5 20.h4 Qg6 21.g4 Nd7 22.h5 Qh6 23.f4 exf4 24.Nxf4 Bg5
25.Nh3 Rde8 26.Rf5 Be3+ 27.Kg2 g6 28.g5 Qxh5 29.Qxh5 gxh5 30.Kf3 Bd4 31.Bxd4 cxd4
32.Nf4 f6 33.Rg1 Ne5+ 34.Ke2 fxg5 35.Rgxg5+ Kh8 36.Rxh5 Rxf5 37.Rxf5 Rg8
38.Kd2 d3 39.Rf6 Rg4 40.Rf8+ Kg7 41.Ne6+ Kh6 42.Rf6+ Rg6 43.Rf2 Rg4 44.Nd4 Kg6
45.Nf3 Rxe4 46.Nxe5+ Rxe5 47.Kxd3 h5 48.Rg2+ Rg5 49.Re2 Kf5 50.Re6 Rg6 51.Re7 a5
52.Ke3 Kg4 53.Kf2 h4 54.Kg2 h3+ 55.Kh2 Rf6 56.Re4+ Rf4 57.Rxf4+ Kxf4 58.Kxh3 Ke4
59.Kg4 Ke5 60.Kg5 a4 61.bxa4 Kd4 62.Kf5  1-0

[Event "Vilnius"]
[Site "Vilnius"]
[Date "1978.??.??"]
[Round "8"]
[White "Espig, Lutz"]
[Black "Csom, Istvan"]
[Result "1-0"]
[WhiteElo "2470"]
[BlackElo "2510"]

1.Nf3 c5 2.c4 b6 3.g3 Bb7 4.Bg2 Nf6 5.O-O e6 6.Nc3 a6 7.b3 d6 8.Bb2 Be7 9.d4 cxd4
10.Qxd4 Nbd7 11.Rfd1 Qb8 12.Qe3 O-O 13.Nd4 Bxg2 14.Kxg2 Qb7+ 15.Qf3 Qxf3+
16.Kxf3 Rfc8 17.h3 Nc5 18.Kg2 Kf8 19.Rac1 Rc7 20.Nc2 Ne8 21.Ba3 b5 22.Ne3 bxc4
23.Nxc4 d5 24.Nb6 Raa7 25.Ncxd5 exd5 26.Nxd5 Ne6 27.Rxc7 N8xc7 28.Nxe7 Ra8
29.Nd5+ Ke8 30.Nxc7+ Nxc7 31.Rd4 Ne6 32.Rc4 Rd8 33.Bc1 Rd5 34.Ra4 Rd6 35.Be3 Kd7
36.Ra5 Rc6 37.b4 f6 38.a4 Kd6 39.f4 Kd7 40.Kf2 Kd6 41.f5  1-0

[Event "Hastings7980"]
[Site "Hastings"]
[Date "1979.??.??"]
[Round "3"]
[White "Zilber, Israel"]
[Black "Makarichev, Sergey"]
[Result "1/2-1/2"]
[WhiteElo "2410"]
[BlackElo "2500"]

1.Nf3 c5 2.g3 b6 3.Bg2 Bb7 4.O-O Nf6 5.c4 e6 6.Nc3 Be7 7.d4 Ne4 8.Nxe4 Bxe4
9.Be3 O-O 10.Qd2 d6 11.Rfd1 Nc6 12.Rac1 Rc8 13.b3 Bxf3 14.Bxf3 Nxd4 15.Bxd4 cxd4
16.Qxd4 Qc7 17.Qe4 Qc5 18.Kg2 Rc7 19.e3 Rfc8 20.Be2  1/2-1/2

[Event "Mar del Plata GP2"]
[Site "Mar del Plata"]
[Date "1979.??.??"]
[Round "?"]
[White "Debarnot, Roberto"]
[Black "Szmetan, Jorge"]
[Result "0-1"]
[WhiteElo "2425"]
[BlackElo "2400"]

1.Nf3 c5 2.c4 Nf6 3.g3 b6 4.Bg2 Bb7 5.O-O e6 6.Nc3 Be7 7.d4 cxd4 8.Qxd4 d6
9.Rd1 a6 10.b3 Nbd7 11.Ng5 Bxg2 12.Kxg2 Qc7 13.Nge4 Nxe4 14.Nxe4 O-O 15.Ba3 Qc6
16.f3 Rfd8 17.Bb2 Bf8 18.Ng5 Nc5 19.Rac1 h6 20.Ne4 Qb7 21.Rc2 Rd7 22.Rcd2 Rad8
23.Nf2 b5 24.Nd3 Nxd3 25.Qxd3 bxc4 26.Qxc4 Rc8 27.Qg4 Qb5 28.f4 Rdc7 29.Qf3 Rc2
30.Qd3 Qxd3 31.exd3 d5 32.a3 a5 33.Kf3 Rxd2 34.Rxd2 Rb8 35.b4 axb4 36.axb4 Rxb4
37.Ba3 Rb3 38.Bxf8 Kxf8 39.Ke3 h5 40.h3 Rb1 41.Kf3 Ke7 42.g4 h4 43.g5 Rg1
44.Ra2 Rg3+ 45.Kf2 g6  0-1

[Event "SWE-ch"]
[Site "?"]
[Date "1979.??.??"]
[Round "?"]
[White "Wirgren, A."]
[Black "Bergstrom, Christer"]
[Result "0-1"]
[WhiteElo "2200"]
[BlackElo "2200"]

1.Nf3 Nf6 2.c4 e6 3.g3 b6 4.Bg2 Bb7 5.O-O c5 6.b3 Be7 7.Bb2 O-O 8.e3 d5 9.Qe2 Nc6
10.Rd1 Qc7 11.Nc3 Rad8 12.Rac1 dxc4 13.bxc4 Rd7 14.d3 a6 15.Ng5 h6 16.Nge4 Rfd8
17.Rd2 Nb4 18.Rcd1 Nxe4 19.Nxe4 f5 20.Nc3 Bxg2 21.Kxg2 Bg5 22.Kg1 Nc6 23.Ba1 Bf6
24.f4 Kh7 25.Rb1 Na5 26.Rdd1 Qc6 27.Kf2 Rd6 28.Qc2 Qd7 29.Ke2 Qf7 30.Kf2 Qh5
31.Kg2 Bxc3 32.Qxc3 Qe2+ 33.Kg1 Qxe3+ 34.Kg2 Qe2+ 35.Kg1 R8d7 36.Qe1 Qf3
37.Qf1 Qe3+ 38.Qf2 Nxc4 39.Rdc1 Qxf2+ 40.Kxf2 Nd2 41.Rb2 Rxd3 42.Rxb6 Ne4+
43.Ke1 Rd2  0-1

[Event "CSR-ch"]
[Site "Trencianske Teplice"]
[Date "1979.??.??"]
[Round "6"]
[White "Barczay, Laszlo"]
[Black "Ftacnik, Lubomir"]
[Result "1/2-1/2"]
[WhiteElo "2470"]
[BlackElo "2430"]

1.Nf3 Nf6 2.c4 c5 3.g3 b6 4.Bg2 Bb7 5.O-O e6 6.Nc3 Be7 7.b3 d5 8.cxd5 Nxd5
9.Bb2 O-O 10.Nxd5 Bxd5 11.d3  1/2-1/2

[Event "CSR-ch"]
[Site "Trencianske Teplice"]
[Date "1979.??.??"]
[Round "7"]
[White "Vogt, Lothar"]
[Black "Smejkal, Jan"]
[Result "0-1"]
[WhiteElo "2500"]
[BlackElo "2560"]

1.Nf3 Nf6 2.c4 c5 3.g3 b6 4.Bg2 Bb7 5.O-O e6 6.Nc3 Be7 7.d4 cxd4 8.Qxd4 d6
9.b3 O-O 10.Rd1 Nbd7 11.Bb2 a6 12.e4 Qc7 13.Qe3 Rfe8 14.Rac1 Rac8 15.h3 Qb8
16.g4 Nc5 17.Nd4 g6 18.Nde2 e5 19.Nd5 Nxd5 20.cxd5 a5 21.f4 Ba6 22.fxe5 dxe5
23.Kh1 Nd7 24.Ng1 Bc5 25.Qg3 Qd6 26.Bf1 Bxf1 27.Rxf1 Ba3 28.Bxa3 Qxa3 29.Qf3 Qe7
30.Ne2 Rxc1 31.Rxc1 Nc5 32.Nc3 Rd8 33.Rf1 Kg7 34.g5 Nb7 35.h4 Nd6 36.Na4 Rb8
37.a3 h6 38.Qf6+ Qxf6 39.gxf6+ Kf8 40.Kg2 Nxe4 41.Re1 Nxf6 42.d6 Nd7 43.Rc1 b5
44.Nc5 Nxc5 45.Rxc5 f6 46.d7 Rd8 47.Rxb5 a4 48.b4 Rxd7 49.Ra5 Rd2+ 50.Kf1 g5
51.hxg5 hxg5 52.Rxa4 Rb2 53.Ra6 Kf7 54.Rb6 Ra2 55.Ra6 Rb2 56.Rb6 g4 57.a4 f5
58.a5 f4  0-1

[Event "URS Spartakiad"]
[Site "URS"]
[Date "1979.??.??"]
[Round "?"]
[White "Dorfman, Josif D"]
[Black "Rastenis, Gedeminas"]
[Result "1/2-1/2"]
[WhiteElo "2595"]
[BlackElo "2200"]

1.Nf3 Nf6 2.c4 c5 3.g3 b6 4.Bg2 Bb7 5.O-O e6 6.b3 Be7 7.Bb2 O-O 8.Nc3 d6
9.Re1 Nbd7 10.e4 a6 11.d4 cxd4 12.Nxd4 Qc7 13.Rc1 Rad8 14.f4 Rfe8 15.f5 Nf8
16.Bh3 Bc8 17.Qe2 h6 18.Kh1 N6h7 19.Qf2 Bf6 20.Nde2 Be5 21.Nf4 Nf6 22.Nd3 N8d7
23.fxe6 fxe6 24.Nxe5 dxe5 25.Na4 Bb7 26.Bg2 Nc5 27.Nxc5 bxc5 28.Qe2 Rd7 29.Rcd1 Red8
30.Rxd7  1/2-1/2

[Event "FRG-ch"]
[Site "Bad Neuenahr"]
[Date "1980.??.??"]
[Round "?"]
[White "Feustel, Bernd"]
[Black "Lobron, Eric"]
[Result "1/2-1/2"]
[WhiteElo "2305"]
[BlackElo "2335"]

1.Nf3 Nf6 2.c4 c5 3.g3 b6 4.Bg2 Bb7 5.O-O e6 6.Nc3 Be7 7.d4 cxd4 8.Qxd4 d6
9.Rd1 a6 10.b3 Nbd7 11.Ba3 Nc5 12.e4 Qb8 13.e5 dxe5 14.Qxe5 O-O 15.Qxb8 Raxb8
16.Ne5 Rfc8  1/2-1/2

[Event "FRG-ch"]
[Site "Bad Neuenahr"]
[Date "1980.??.??"]
[Round "?"]
[White "Dankert, Peter"]
[Black "Lobron, Eric"]
[Result "1/2-1/2"]
[WhiteElo "2345"]
[BlackElo "2335"]

1.Nf3 Nf6 2.g3 b6 3.Bg2 Bb7 4.c4 c5 5.O-O e6 6.Nc3 Be7 7.d4 cxd4 8.Qxd4 d6
9.b3 O-O 10.Bb2 a6 11.h3 Nbd7  1/2-1/2

[Event "Berlin tt"]
[Site "Berlin-West"]
[Date "1980.??.??"]
[Round "?"]
[White "Hofland, Leonard"]
[Black "Fries Nielsen, Jens Ove"]
[Result "0-1"]
[WhiteElo "2300"]
[BlackElo "2355"]

1.c4 c5 2.Nf3 e6 3.g3 b6 4.Bg2 Bb7 5.O-O Nf6 6.b3 Be7 7.Bb2 O-O 8.Nc3 d6
9.d4 cxd4 10.Nxd4 Bxg2 11.Kxg2 a6 12.e3 Ra7 13.Qf3 Qc8 14.Rfd1 Rc7 15.Rac1 Nbd7
16.e4 Qb7 17.Qe2 Re8 18.f3 Bf8 19.Nc2 Rb8 20.Nd4 Rbc8 21.Qe3 Ne5 22.h3 Ned7
23.Kh2 Re8 24.Re1 Rc5 25.Ba3 Rcc8 26.Bb2 Ne5 27.Qe2 Ng6 28.Nc2 Qb8 29.f4 h5
30.e5 dxe5 31.fxe5 h4 32.Ne4 Nd7 33.Ng5 hxg3+ 34.Kxg3 Ndxe5 35.Bxe5 Nxe5
36.Kg2 Ng6 37.Qe4 Rc5 38.Nf3 Rh5 39.Rh1 Rd8 40.Ncd4 Bc5 41.Rcd1  0-1

[Event "Berlin tt"]
[Site "Berlin-West"]
[Date "1980.??.??"]
[Round "?"]
[White "De Bruycker, Bernard"]
[Black "Giffard, Nicolas"]
[Result "0-1"]
[WhiteElo "2350"]
[BlackElo "2300"]

1.Nf3 Nf6 2.c4 c5 3.g3 b6 4.Bg2 Bb7 5.O-O e6 6.Nc3 Be7 7.e3 O-O 8.d4 d5 9.cxd5 Nxd5
10.Qc2 cxd4 11.exd4 Nd7 12.Qb1 Rc8 13.Bd2 Nxc3 14.bxc3 Nf6 15.Ne5 Bxg2 16.Kxg2 Qd5+
17.f3 Bd6 18.Re1 Bxe5 19.Rxe5 Qc4 20.a4 Nd5 21.Qb5 a6 22.Qxc4 Rxc4 23.Re2 Rfc8
24.Ra3 Kf8 25.Be1 Nxc3 26.Bxc3 Rxc3 27.Rxc3 Rxc3 28.Rb2 Rc6 29.Kf2 Ke7 30.Ke3 Kd6
31.f4 Kd5 32.Kd3 h5 33.Rb4 f6 34.Ke3 Rc3+ 35.Kd2 Rc4 36.Rxb6 Rxd4+ 37.Ke3 Rxa4
38.Rb7 Ra3+ 39.Kf2 Ra2+ 40.Ke3 Ra3+ 41.Kf2 Ra2+ 42.Ke3 Rxh2 43.Rxg7 Kd6 44.f5 exf5
45.Rb7 Ra2 46.Kf4 Ra5 47.Rh7 Ke6 48.Rxh5 Ra4+ 49.Kf3 Ke5 50.Rh8 Ra3+ 51.Kf2 a5
52.Re8+ Kd5 53.Rd8+ Ke6 54.Re8+ Kf7 55.Ra8 a4 56.Kg2 Ra1 57.Kf3 a3 58.Kf2 a2
59.Kg2 f4 60.gxf4 Ke6 61.Ra5 f5 62.Kh2 Kd6 63.Kg2 Kc6 64.Kh2 Kb6 65.Ra4 Kb5
66.Ra3 Kc4 67.Ra5 Kd4 68.Ra4+ Kd3 69.Kg2 Ke3 70.Kh2 Kf3  0-1